1067 1421 1344 1145 1211 1804 1933 1501 1581 1430 1644 1524 1010 1189 1502 1710 1950 1458 1726 1447 1444 1644 1717 1700 1721 1811 1589 1070 1754 1969 1515 1826 1809 1760 1889 1472 1457 1709 1260 1471 1538 1345 1615 1726 1675 1625 1373 1655 1734 1717 1621 1955 1304 1251 1071 1545 1004 1736 1305 1989 1155 1170 1063 1711 1240 1419 1616 1940 1037 1485 1915 1718 1921 1538 1915 1206 1139 1599 1201 2000 1736 1304 1794 1272 1435 1939 1787 1268 1109 1934 1333 1093 1516 1676 1001 1159 1095 1089 1708 BCNSPRNW ULIB Ver.6.0+V

เปลี่ยนเป็นภาษาไทย

Change to English
 แสดงรายละเอียดบรรณานุกรม
  กลับหน้าหลัก

Brief Record : Get Marc (ISO 2709) : E-mail record : QR code < ปิดหน้าต่าง
LEADER : 00000nam 2200000uu 4500
001    13399125992
003     ULIB
008    171207s2558||||th 000 0 tha d
020    ^a978-616-413-377-8
050    ^aBQ4570^bข17ส
100    ^aขวัญ เพียงหทัย
245    ^aสันติสุขในดวงใจ
260    ^aกรุงเทพฯ :^bเรือนธรรม,^c2558
300    ^a216 หน้า : ภาพประกอบ หน้า
650    ^aจิตวิทยาประยุกต์^bเบ็ดเตล็ด^x^aชื่อเรื่อง
945    ^p0^l0^i003416
999    ^aประนอม เกษจรัล
รายการนี้ยังไม่มีแท็ก
คุณยังไม่ได้ล็อกอิน คุณสามารถมีกิจกรรมร่วมกับเว็บไซต์ได้ แต่ต้องล็อกอินก่อน ::
  ล็อกอิน

รายการสื่อสารสนเทศ

ลำดับที่ ประเภท เลขเรียก/บาร์โค้ด สถานที่ สถานะ
1. การศึกษาทั่วไป
การศึกษาทั่วไป
BQ4570 ข17ส ฉ.1 
  Barcode: 003416
ห้องสมุดวิทยาเขตสวรรค์ประชารักษ์
►หนังสือทั่วไป
บนชั้น

รายการใกล้เคียง
    ผู้แต่ง [ขวัญ เพียงหทัย]

BibComment


ยังไม่เคยถูกคอมเมนท์

คอมเมนท์ทรัพยากรรายการนี้
  คอมเมนท์: สันติสุขในดวงใจ


 Copyright 2026. Bcnsprnw @Library